| 000 | 00524nam a2200193Ia 4500 | ||
|---|---|---|---|
| 003 | OSt | ||
| 005 | 20250429123813.0 | ||
| 008 | 210210b1971 xxu||||| |||| 00| 0 eng d | ||
| 040 | _cAL | ||
| 041 | _aKannada | ||
| 082 | _aK894.3 NIRS | ||
| 100 |
_aNIRANJANA. _dನಿರಂಜನ _9209095 |
||
| 245 |
_aSmaraneyonde salade? _bಸ್ಮರಣೆಯೊಂದೇ ಸಾಲದೇ ? |
||
| 260 |
_aMaisuru _bGita Buk Haus _c1971 |
||
| 300 | _avi,228 | ||
| 690 |
_aKannada Fiction _9209096 |
||
| 906 | _a028644 | ||
| 942 |
_2ddc _cBK |
||
| 999 |
_c79883 _d79883 |
||